[Event "I Torneo Ipercoop Centro Luna A"]
[Site "Sarzana ITA"]
[Date "2011.05.27"]
[Round "1"]
[White "Caleffi, Cesare"]
[Black "Efimov, Igor"]
[Result "0-1"]
[WhiteElo "1959"]
[BlackElo "2419"]
[PlyCount "52"]
[EventDate "2011.05.27"]

1. d4 Nf6 2. Nf3 e6 3. c4 c5 4. e3 d5 5. Nc3 a6 6. a3 Nc6 7. dxc5 Bxc5 8. b4
Ba7 9. c5 O-O 10. Bb2 e5 11. Be2 Bf5 12. O-O d4 13. Nxe5 dxc3 14. Bxc3 Ne4 15.
Nxc6 bxc6 16. Bd4 Bb8 17. Bf3 a5 18. Qe2 Re8 19. Qb2 Qg5 20. g3 h5 21. Bg2 h4
22. f4 Qg4 23. gxh4 Re6 24. h5 Qxh5 25. Bf3 Rg6+ 26. Kh1 Ng3+ 0-1

[Event "I Torneo Ipercoop Centro Luna A"]
[Site "Sarzana ITA"]
[Date "2011.05.27"]
[Round "1"]
[White "De Santis, Alessio"]
[Black "Tizzoni, Lionello"]
[Result "1-0"]
[WhiteElo "2295"]
[BlackElo "1955"]
[PlyCount "22"]
[EventDate "2011.05.27"]

1. d4 d5 2. c4 c6 3. Nc3 Nf6 4. e3 e6 5. Nf3 Be7 6. Bd3 dxc4 7. Bxc4 b5 8. Bd3
Bb7 9. e4 a6 10. e5 Nd5 11. Ne4 Nd7 1-0

[Event "I Torneo Ipercoop Centro Luna A"]
[Site "Sarzana ITA"]
[Date "2011.05.27"]
[Round "1"]
[White "Ljubisavljevic, Zivojin Z."]
[Black "Guzzetti, Luigi Enrico"]
[Result "1-0"]
[WhiteElo "2215"]
[BlackElo "1909"]
[PlyCount "77"]
[EventDate "2011.05.27"]

1. d4 Nf6 2. Bg5 g6 3. Bxf6 exf6 4. c4 Bg7 5. Nc3 O-O 6. e3 d6 7. h4 Nd7 8. h5
f5 9. hxg6 fxg6 10. Nh3 c6 11. Qf3 Nf6 12. Qg3 Qe7 13. Be2 a6 14. Qh4 Nd5 15.
Ng5 h6 16. cxd5 hxg5 17. Qh7+ Kf7 18. Rh6 Qf6 19. Rxg6 Qxg6 20. Bh5 Qxh5 21.
Qxh5+ Kf6 22. Qh2 Ke7 23. Kd2 Bd7 24. Qh5 Bf6 25. dxc6 bxc6 26. Qf3 Rab8 27. b3
Rh8 28. g4 fxg4 29. Qe4+ Kf7 30. Qd3 Rh2 31. Ne4 g3 32. Qxa6 gxf2 33. Rf1 g4
34. Nxd6+ Ke6 35. Ne4 Rf8 36. Qc4+ Kf5 37. Qc5+ Kxe4 38. Qxf8 Kf5 39. Qd6 1-0

[Event "I Torneo Ipercoop Centro Luna A"]
[Site "Sarzana ITA"]
[Date "2011.05.27"]
[Round "1"]
[White "Platino, Maurizio"]
[Black "Mazzini, Mauro"]
[Result "1-0"]
[WhiteElo "1909"]
[BlackElo "2138"]
[PlyCount "89"]
[EventDate "2011.05.27"]

1. d4 Nf6 2. c4 e6 3. Nc3 Bb4 4. Qc2 Nc6 5. Nf3 Qe7 6. a3 Bxc3+ 7. Qxc3 d6 8.
Bg5 h6 9. Bxf6 Qxf6 10. e3 O-O 11. Be2 e5 12. dxe5 dxe5 13. O-O Bg4 14. h3 Bh5
15. Rfe1 Qe7 16. Nxe5 Qxe5 17. Qxe5 Nxe5 18. Bxh5 Nxc4 19. Rec1 b5 20. b3 Nd2
21. Rxc7 a5 22. Rd1 Rad8 23. b4 g6 24. Be2 axb4 25. axb4 Ne4 26. Rxd8 Rxd8 27.
Bxb5 Rd1+ 28. Kh2 Nxf2 29. Bc6 Rb1 30. Bd5 Nd1 31. Rxf7 Kh8 32. Rf1 Kg7 33. Bf3
Rxb4 34. Rxd1 h5 35. Rd4 Rb6 36. Kg3 Kf6 37. Rc4 Rb3 38. Rc6+ Kg7 39. Kf4 Rb5
40. h4 Rf5+ 41. Kg3 Re5 42. e4 Kh6 43. Kf4 Re8 44. e5 Rf8+ 45. Rf6 1-0

[Event "I Torneo Ipercoop Centro Luna A"]
[Site "Sarzana ITA"]
[Date "2011.05.27"]
[Round "1"]
[White "Astengo, Marcello"]
[Black "Mercandelli, Claudio"]
[Result "0-1"]
[WhiteElo "2100"]
[BlackElo "1908"]
[PlyCount "60"]
[EventDate "2011.05.27"]

1. d4 Nf6 2. c4 g6 3. Nc3 Bg7 4. e4 d6 5. f3 O-O 6. Be3 e5 7. d5 Nh5 8. Qd2
Qh4+ 9. Bf2 Qf4 10. Qc2 f5 11. c5 fxe4 12. Nxe4 Bf5 13. Bd3 Na6 14. Bxa6 bxa6
15. Ne2 Bxe4 16. Qxe4 Qxe4 17. fxe4 Bh6 18. O-O Rab8 19. b3 Rb4 20. cxd6 cxd6
21. Bxa7 Ra8 22. Bf2 Rc8 23. g4 Rxe4 24. gxh5 Rxe2 25. Bg3 Rcc2 26. hxg6 hxg6
27. Rf6 Be3+ 28. Kh1 Bc1 29. Rxd6 Red2 30. Be1 Rxh2+ 0-1

[Event "I Torneo Ipercoop Centro Luna A"]
[Site "Sarzana ITA"]
[Date "2011.05.27"]
[Round "1"]
[White "Ciccarelli, Marco"]
[Black "Scipioni, Gaetano"]
[Result "0-1"]
[WhiteElo "1893"]
[BlackElo "2044"]
[PlyCount "57"]
[EventDate "2011.05.27"]

1. e4 d5 2. exd5 Qxd5 3. Nc3 Qa5 4. d4 Nf6 5. Bd2 c6 6. Bc4 Bf5 7. Nf3 e6 8.
O-O Bb4 9. Re1 O-O 10. a3 Bxc3 11. Bxc3 Qc7 12. Bd3 Nbd7 13. Bxf5 exf5 14. Qd3
Ne4 15. Bb4 Rfd8 16. Rad1 a5 17. Be7 Re8 18. Bh4 g6 19. Ng5 Qf4 20. Nxe4 fxe4
21. Qg3 Qxg3 22. Bxg3 Nb6 23. b3 a4 24. Rb1 Ra7 25. Bd6 Nc8 26. Bf4 b5 27. Be3
Ra8 28. Red1 Nb6 29. Rd2 0-1

[Event "I Torneo Ipercoop Centro Luna A"]
[Site "Sarzana ITA"]
[Date "2011.05.27"]
[Round "1"]
[White "Lasio, Millo"]
[Black "Militello, Michele"]
[Result "1-0"]
[WhiteElo "2003"]
[BlackElo "1811"]
[PlyCount "129"]
[EventDate "2011.05.27"]

1. b3 e5 2. Bb2 d6 3. e3 Nf6 4. Nf3 Be7 5. d4 e4 6. Nfd2 d5 7. c4 c6 8. Nc3 O-O
9. Be2 Ne8 10. O-O Be6 11. Kh1 Kh8 12. f3 f5 13. fxe4 fxe4 14. Rxf8+ Bxf8 15.
Bg4 Qd7 16. Bxe6 Qxe6 17. cxd5 cxd5 18. Qe2 a6 19. Rf1 Nd7 20. Ndb1 Nef6 21.
Ba3 Bxa3 22. Nxa3 b5 23. Nc2 Rc8 24. Nd1 Kg8 25. Ne1 Qg4 26. Qd2 Qh5 27. Nf2
Qh6 28. g3 Rf8 29. Kg1 Nb8 30. Ng2 g5 31. Qb4 Qg7 32. Qc5 h6 33. Nd1 Rd8 34.
Qb6 Rf8 35. Nc3 Nfd7 36. Qe6+ Kh8 37. Rxf8+ Qxf8 38. Qxd5 Nf6 39. Qe6 Kg7 40.
Nxe4 Nbd7 41. Nxf6 Nxf6 42. h4 Qb8 43. hxg5 hxg5 44. Kf2 Qb7 45. Qf5 Ne4+ 46.
Kg1 Qc6 47. d5 Qc1+ 48. Kh2 Qh1+ 49. Kxh1 Nxg3+ 50. Kg1 Nxf5 51. Kf2 Kf6 52. e4
Nd4 53. Ke3 Nc2+ 54. Kd2 Nb4 55. a3 Nxd5 56. exd5 Ke5 57. Ne3 a5 58. Kd3 a4 59.
b4 g4 60. Nxg4+ Kxd5 61. Nf6+ Ke5 62. Ne4 Kd5 63. Nc3+ Kc6 64. Kd4 Kb6 65. Kd5
1-0

[Event "I Torneo Ipercoop Centro Luna A"]
[Site "Sarzana ITA"]
[Date "2011.05.28"]
[Round "2"]
[White "Scipioni, Gaetano"]
[Black "De Santis, Alessio"]
[Result "1/2-1/2"]
[WhiteElo "2044"]
[BlackElo "2295"]
[PlyCount "59"]
[EventDate "2011.05.27"]

1. d4 b6 2. Bf4 Bb7 3. Nf3 Nf6 4. e3 g6 5. Be2 Bg7 6. O-O c5 7. c3 O-O 8. Nbd2
d6 9. h3 Nbd7 10. Qb3 a6 11. Rad1 Qc7 12. Rfe1 b5 13. Bf1 e5 14. dxe5 dxe5 15.
Bh2 c4 16. Qc2 Rac8 17. a4 Rfe8 18. axb5 axb5 19. b3 Nb6 20. bxc4 Nxc4 21. Qb3
Bxf3 22. Nxf3 Qc5 23. Qb4 Nd5 24. Qb3 Ra8 25. Ng5 e4 26. Bxc4 bxc4 27. Qb7 Nf6
28. Qxf7+ Kh8 29. Ne6 Qe7 30. Qxg7+ 1/2-1/2

[Event "I Torneo Ipercoop Centro Luna A"]
[Site "Sarzana ITA"]
[Date "2011.05.28"]
[Round "2"]
[White "Stoppa, Omar"]
[Black "Platino, Maurizio"]
[Result "1-0"]
[WhiteElo "2285"]
[BlackElo "1909"]
[PlyCount "83"]
[EventDate "2011.05.27"]

1. e4 e6 2. d4 d5 3. Nd2 c5 4. Ngf3 Nc6 5. c3 Nf6 6. e5 Nd7 7. Bd3 Be7 8. O-O
Qb6 9. Qa4 c4 10. Bb1 Qc7 11. Ne1 Nb6 12. Qd1 Bd7 13. f4 g6 14. Kh1 O-O-O 15.
b3 Na5 16. Rf3 Kb8 17. Nc2 a6 18. Na3 Rc8 19. Bc2 cxb3 20. axb3 Nc6 21. Bb2 Na7
22. c4 dxc4 23. bxc4 Bc6 24. c5 Nd7 25. Ne4 Bxe4 26. Bxe4 f5 27. Bd3 Qc6 28.
Be2 Rhd8 29. Rd3 Qe4 30. Bf3 Qxf4 31. Qb3 Rc7 32. Nc4 Nxc5 33. dxc5 Rxd3 34.
Qxd3 Rxc5 35. Nd6 Nc6 36. Nxb7 Nb4 37. Qd7 Rc7 38. Qe8+ Ka7 39. Nd6 Bxd6 40.
Qa8+ Kb6 41. Qb8+ Kc5 42. exd6 1-0

[Event "I Torneo Ipercoop Centro Luna A"]
[Site "Sarzana ITA"]
[Date "2011.05.28"]
[Round "2"]
[White "Mercandelli, Claudio"]
[Black "Ljubisavljevic, Zivojin Z."]
[Result "0-1"]
[WhiteElo "1908"]
[BlackElo "2215"]
[PlyCount "72"]
[EventDate "2011.05.27"]

1. Nf3 c5 2. g3 Nc6 3. Bg2 e5 4. d3 d5 5. O-O f5 6. c4 d4 7. e3 dxe3 8. Bxe3
Bd6 9. Re1 Nge7 10. Bg5 O-O 11. Nc3 h6 12. Bxe7 Qxe7 13. Nb5 a6 14. Nxd6 Qxd6
15. Qe2 Re8 16. Rad1 Bd7 17. b3 Qf6 18. Qb2 a5 19. a3 Re7 20. b4 axb4 21. axb4
cxb4 22. d4 exd4 23. Rxe7 Qxe7 24. Nxd4 Qf6 25. Bd5+ Kh7 26. Qd2 Qxd4 27. Qxd4
Nxd4 28. Rxd4 Ra1+ 29. Kg2 b3 30. Rd2 Ra2 31. Bg8+ Kxg8 32. Rxd7 b5 33. Rb7
bxc4 34. Kf3 b2 35. Kf4 c3 36. Kxf5 Ra1 0-1

[Event "I Torneo Ipercoop Centro Luna A"]
[Site "Sarzana ITA"]
[Date "2011.05.28"]
[Round "2"]
[White "Mazzini, Mauro"]
[Black "Onesti, Luca"]
[Result "1-0"]
[WhiteElo "2138"]
[BlackElo "1954"]
[PlyCount "78"]
[EventDate "2011.05.27"]

1. e4 e5 2. Nf3 Nc6 3. d4 exd4 4. Bc4 Bc5 5. c3 Nf6 6. cxd4 Bb4+ 7. Bd2 Bxd2+
8. Nbxd2 d6 9. O-O O-O 10. Bd3 Bg4 11. Qb3 Qd7 12. Rac1 Nd8 13. Qc2 Ne6 14. e5
dxe5 15. dxe5 Nf4 16. exf6 Nxd3 17. fxg7 Rfe8 18. Rcd1 Re2 19. Qc3 Nf4 20. Qf6
Qf5 21. Qh4 Ng6 22. Qh6 Qh5 23. Qxh5 Bxh5 24. Rc1 Bxf3 25. Nxf3 Rxb2 26. Rxc7
Re8 27. Nd4 Kxg7 28. g3 Re7 29. Nf5+ Kf6 30. Nxe7 Nxe7 31. Rd1 a5 32. Rdd7 Nc6
33. Rxf7+ Ke6 34. Rxb7 Rxa2 35. Rxh7 a4 36. Rb6 Ra1+ 37. Kg2 Rc1 38. Ra6 Rc4
39. Rh6+ Kd5 1-0

[Event "I Torneo Ipercoop Centro Luna A"]
[Site "Sarzana ITA"]
[Date "2011.05.28"]
[Round "2"]
[White "Guzzetti, Luigi Enrico"]
[Black "Astengo, Marcello"]
[Result "0-1"]
[WhiteElo "1909"]
[BlackElo "2100"]
[PlyCount "116"]
[EventDate "2011.05.27"]

1. e4 c6 2. d4 d5 3. Nc3 dxe4 4. Nxe4 Nf6 5. Ng3 g6 6. Nf3 Bg7 7. Be2 O-O 8.
O-O Nbd7 9. c4 b6 10. Bd2 Bb7 11. Qc2 Qc7 12. Bc3 Rad8 13. Rfd1 Rfe8 14. a4 c5
15. d5 e6 16. dxe6 Rxe6 17. Ng5 Re7 18. Bf3 Rde8 19. a5 Ne5 20. Bxb7 Qxb7 21.
axb6 axb6 22. Re1 Nxc4 23. Rxe7 Qxe7 24. Re1 Qd7 25. Rxe8+ Qxe8 26. Bxf6 Qe1+
27. Nf1 Bxf6 28. Nxf7 Bd4 29. Nh6+ Kg7 30. Ng4 Nxb2 31. Nge3 Qa5 32. Qe4 Qa7
33. Qe6 Nd3 34. Qe4 Nb4 35. h4 Qd7 36. Ng3 Nc6 37. h5 Bxe3 38. fxe3 Ne7 39.
Qe5+ Kg8 40. h6 Nc6 41. Qg5 c4 42. Ne4 Qd1+ 43. Kf2 Qc2+ 44. Kf3 Qd1+ 45. Kg3
Qe1+ 46. Kh2 Qd1 47. Kg3 Qd8 48. Qb5 Qc7+ 49. Kf2 Qf7+ 50. Kg1 Qe6 51. Ng5
Qxe3+ 52. Kf1 Qc5 53. Qb2 c3 54. Qb3+ Kh8 55. Nf7+ Kg8 56. Ne5+ Kh8 57. Qf7 Qe7
58. Qxe7 Nxe7 0-1

[Event "I Torneo Ipercoop Centro Luna A"]
[Site "Sarzana ITA"]
[Date "2011.05.28"]
[Round "2"]
[White "Militello, Michele"]
[Black "Caleffi, Cesare"]
[Result "0-1"]
[WhiteElo "1811"]
[BlackElo "1959"]
[PlyCount "98"]
[EventDate "2011.05.27"]

1. d4 d5 2. Nf3 c6 3. e3 f5 4. c4 e6 5. Bd3 Nf6 6. O-O Bd6 7. b3 O-O 8. Ba3
Bxa3 9. Nxa3 Qe7 10. Qc1 Ne4 11. Nc2 Nd7 12. Qa3 Qf6 13. Qb2 g5 14. Ne5 Nxe5
15. dxe5 Qg7 16. f3 Nc5 17. Be2 f4 18. Qd4 Nd7 19. e4 c5 20. Qd1 dxe4 21. fxe4
Nxe5 22. Bg4 Bd7 23. Qd6 Nxg4 24. Qxc5 Qe5 25. Qxe5 Nxe5 26. Rad1 Bc6 27. Rd6
Bxe4 28. Rxe6 Bxc2 29. Rxe5 h6 30. Rfe1 Bg6 31. Rd5 Rad8 32. Red1 Rxd5 33. Rxd5
Rf7 34. c5 Kg7 35. b4 Be4 36. Re5 Bc6 37. Re2 f3 38. gxf3 Rxf3 39. Rb2 a6 40.
Rd2 h5 41. Rf2 g4 42. Rd2 Kg6 43. Rb2 Kg5 44. Rd2 h4 45. Rb2 g3 46. hxg3 hxg3
47. Rd2 Rc3 48. Kf1 Rc1+ 49. Ke2 g2 0-1

[Event "I Torneo Ipercoop Centro Luna A"]
[Site "Sarzana ITA"]
[Date "2011.05.28"]
[Round "2"]
[White "Tizzoni, Lionello"]
[Black "Ciccarelli, Marco"]
[Result "1-0"]
[WhiteElo "1955"]
[BlackElo "1893"]
[PlyCount "73"]
[EventDate "2011.05.27"]

1. d4 e6 2. e4 d5 3. Nd2 c5 4. Ngf3 Nc6 5. c3 Nf6 6. e5 Nd7 7. Nb3 cxd4 8. cxd4
f6 9. exf6 Nxf6 10. Bd3 Bd6 11. O-O O-O 12. Re1 Qc7 13. Bg5 e5 14. dxe5 Nxe5
15. Nxe5 Bxe5 16. h3 Bxb2 17. Bxf6 Bxf6 18. Qh5 g6 19. Qxd5+ Qf7 20. Qc5 Kh8
21. Bc4 b6 22. Qd6 Qg7 23. Bd5 Bxa1 24. Bxa8 Bf5 25. Re7 Qc3 26. Bd5 Bc2 27.
Rxh7+ Kxh7 28. Qxf8 Qe1+ 29. Kh2 Be5+ 30. g3 Bg7 31. Qg8+ Kh6 32. Qf7 Be5 33.
Qf8+ Bg7 34. Qf4+ Kh7 35. Kg2 Bd3 36. Nd2 Bf5 37. Nf3 1-0

[Event "I Torneo Ipercoop Centro Luna A"]
[Site "Sarzana ITA"]
[Date "2011.05.28"]
[Round "3"]
[White "Ljubisavljevic, Zivojin Z."]
[Black "Efimov, Igor"]
[Result "1/2-1/2"]
[WhiteElo "2215"]
[BlackElo "2419"]
[PlyCount "38"]
[EventDate "2011.05.27"]

1. d4 Nf6 2. c4 e6 3. Nf3 a6 4. g3 c5 5. Bg2 cxd4 6. O-O Qc7 7. Qxd4 Nc6 8. Qh4
Be7 9. Nc3 d6 10. Be3 Bd7 11. Na4 O-O 12. Nb6 Rad8 13. Nxd7 Nxd7 14. Bg5 Bxg5
15. Nxg5 h6 16. Nf3 Qb6 17. b3 a5 18. Rfd1 Nc5 19. Rab1 e5 1/2-1/2

[Event "I Torneo Ipercoop Centro Luna A"]
[Site "Sarzana ITA"]
[Date "2011.05.28"]
[Round "3"]
[White "De Santis, Alessio"]
[Black "Stoppa, Omar"]
[Result "1-0"]
[WhiteElo "2295"]
[BlackElo "2285"]
[PlyCount "87"]
[EventDate "2011.05.27"]

1. b3 c5 2. Bb2 Nc6 3. e3 Nf6 4. Nf3 b6 5. c4 Bb7 6. Be2 e6 7. O-O Bd6 8. d4
cxd4 9. exd4 Ne7 10. Nbd2 Ng6 11. Re1 Qc7 12. Bf1 h5 13. Bd3 Ng4 14. Bxg6 Bxh2+
15. Kf1 fxg6 16. Qc2 O-O-O 17. Qxg6 Rdf8 18. d5 exd5 19. Bxg7 Qc5 20. Re2 Rfg8
21. Nxh2 Nxh2+ 22. Kg1 Ng4 23. Rae1 Kc7 24. Qf7 Rf8 25. Bxf8 Rxf8 26. Qe7 Qxe7
27. Rxe7 Rxf2 28. R7e2 Rf4 29. Rf1 Rxf1+ 30. Nxf1 dxc4 31. bxc4 Kd6 32. Ne3
Nxe3 33. Rxe3 Kc5 34. Rh3 Kxc4 35. Rxh5 Be4 36. Kf2 Bb1 37. Rh4+ Kc3 38. Ra4 a5
39. Ke3 d5 40. Ra3+ Kc4 41. g4 d4+ 42. Kd2 Be4 43. g5 Kd5 44. Rg3 1-0

[Event "I Torneo Ipercoop Centro Luna A"]
[Site "Sarzana ITA"]
[Date "2011.05.28"]
[Round "3"]
[White "Astengo, Marcello"]
[Black "Scipioni, Gaetano"]
[Result "0-1"]
[WhiteElo "2100"]
[BlackElo "2044"]
[PlyCount "44"]
[EventDate "2011.05.27"]

1. d4 d5 2. c4 c6 3. Nc3 e6 4. e3 f5 5. Bd3 Nf6 6. Qc2 g6 7. Nf3 Bd6 8. O-O
Nbd7 9. Bd2 Ne4 10. c5 Bc7 11. b4 g5 12. Ne1 g4 13. b5 Ndf6 14. bxc6 bxc6 15.
Nxe4 Nxe4 16. Rb1 O-O 17. Rb2 Bxh2+ 18. Kxh2 Qh4+ 19. Kg1 Rf6 20. g3 Qh3 21.
Ng2 Rh6 22. Nh4 Ng5 0-1

[Event "I Torneo Ipercoop Centro Luna A"]
[Site "Sarzana ITA"]
[Date "2011.05.28"]
[Round "3"]
[White "Caleffi, Cesare"]
[Black "Mazzini, Mauro"]
[Result "1/2-1/2"]
[WhiteElo "1959"]
[BlackElo "2138"]
[PlyCount "122"]
[EventDate "2011.05.27"]

1. d4 Nf6 2. Nf3 e6 3. c4 Bb4+ 4. Bd2 Qe7 5. a3 Bxd2+ 6. Nbxd2 Nc6 7. e3 d6 8.
Be2 O-O 9. O-O e5 10. d5 Nb8 11. e4 Bg4 12. Ne1 Bxe2 13. Qxe2 a5 14. Nd3 Na6
15. b4 Nd7 16. Nb3 a4 17. Na5 b6 18. Nc6 Qe8 19. Nb2 Nab8 20. Qc2 Nxc6 21. dxc6
Nf6 22. b5 Qe6 23. f3 Ra7 24. Nd3 Nh5 25. Ra2 f5 26. Re1 Rf6 27. Nb4 fxe4 28.
Rxe4 Nf4 29. Qd1 Rg6 30. Kh1 Qf7 31. g3 Ne6 32. Nd5 Ra8 33. Re3 Nc5 34. Kg2 Re8
35. Rae2 h5 36. Qc2 Ne6 37. Qxa4 h4 38. Rf2 hxg3 39. hxg3 Nf4+ 40. Nxf4 Qxf4
41. Qb3 Rxg3+ 42. Kf1 Re6 43. c5 Qf7 44. cxb6 cxb6 45. c7 Re8 46. Rd2 Qxb3 47.
Rxb3 Rc8 48. Rc3 Rg6 49. Rc6 Rf6 50. Ke2 Kf7 51. Rdxd6 Ke7 52. Rxf6 gxf6 53.
Ke3 f5 54. a4 Kd7 55. Rxb6 Rxc7 56. Kd3 Ra7 57. Rf6 e4+ 58. fxe4 fxe4+ 59. Kxe4
Rxa4+ 60. Kd5 Kc7 61. Kc5 Ra5 1/2-1/2

[Event "I Torneo Ipercoop Centro Luna A"]
[Site "Sarzana ITA"]
[Date "2011.05.28"]
[Round "3"]
[White "Lasio, Millo"]
[Black "Mercandelli, Claudio"]
[Result "1-0"]
[WhiteElo "2003"]
[BlackElo "1908"]
[PlyCount "79"]
[EventDate "2011.05.27"]

1. d4 Nf6 2. Nd2 d5 3. e3 Bf5 4. Bd3 Bxd3 5. cxd3 e6 6. a3 Nbd7 7. Ngf3 Bd6 8.
e4 e5 9. dxe5 Nxe5 10. Nxe5 Bxe5 11. Nf3 Qe7 12. d4 Bxd4 13. Qxd4 dxe4 14. Qa4+
c6 15. Nd4 O-O 16. O-O Qe5 17. Ne2 Nd5 18. Qb3 Kh8 19. Qg3 Rfe8 20. Qxe5 Rxe5
21. Nf4 f5 22. Nxd5 Rxd5 23. g3 h6 24. h4 Rad8 25. Be3 b6 26. Rfc1 c5 27. Kf1
R8d7 28. Ke2 Kg8 29. Rd1 Kf7 30. Rxd5 Rxd5 31. Rd1 Rxd1 32. Kxd1 Kg6 33. Bf4
Kh5 34. Bb8 a6 35. Ba7 b5 36. Bxc5 g5 37. hxg5 hxg5 38. Ke2 Kg4 39. Ke3 a5 40.
Bd6 1-0

[Event "I Torneo Ipercoop Centro Luna A"]
[Site "Sarzana ITA"]
[Date "2011.05.28"]
[Round "3"]
[White "Platino, Maurizio"]
[Black "Tizzoni, Lionello"]
[Result "1/2-1/2"]
[WhiteElo "1909"]
[BlackElo "1955"]
[PlyCount "105"]
[EventDate "2011.05.27"]

1. d4 d5 2. c4 c6 3. Nf3 Nf6 4. Nc3 e6 5. e3 Nbd7 6. Bd3 dxc4 7. Bxc4 b5 8. Bd3
Bb7 9. O-O a6 10. e4 c5 11. d5 exd5 12. exd5 Be7 13. Re1 O-O 14. Bc2 Bd6 15.
Bg5 Qc7 16. h3 Rfe8 17. Qd3 c4 18. Qd2 h6 19. Bxh6 gxh6 20. Qxh6 Bf8 21. Qh4
Bg7 22. Qg5 Nf8 23. Nd4 N6h7 24. Qg4 Bc8 25. Nf5 Bxf5 26. Bxf5 Nf6 27. Qg5 Qd6
28. Rad1 b4 29. Na4 Rad8 30. Re3 Rxe3 31. fxe3 Qe5 32. Bh7+ N6xh7 33. Qxd8
Qxe3+ 34. Kh1 Qg3 35. Qc8 Be5 36. Qg4+ Qxg4 37. hxg4 Nf6 38. Kg1 Nxg4 39. d6
Nd7 40. Rd5 c3 41. bxc3 bxc3 42. Nxc3 Ne3 43. Rd3 f5 44. Ne2 Nc4 45. Rd5 Nxd6
46. Ra5 Ne4 47. Rxa6 Kf7 48. Rc6 Ndf6 49. a4 Ng4 50. a5 Bb8 51. Kf1 Ne3+ 52.
Ke1 Ng4 53. Kf1 1/2-1/2

[Event "I Torneo Ipercoop Centro Luna A"]
[Site "Sarzana ITA"]
[Date "2011.05.28"]
[Round "3"]
[White "Onesti, Luca"]
[Black "Militello, Michele"]
[Result "1/2-1/2"]
[WhiteElo "1954"]
[BlackElo "1811"]
[PlyCount "52"]
[EventDate "2011.05.27"]

1. e4 d6 2. d4 Nf6 3. Nc3 Nbd7 4. Nf3 e5 5. dxe5 dxe5 6. a3 Be7 7. Bc4 O-O 8.
O-O c6 9. Qe2 Qc7 10. h3 b5 11. Bd3 a6 12. Bg5 Re8 13. Rad1 Bf8 14. Nh4 g6 15.
Qd2 Bg7 16. Be2 Re6 17. Kh1 Ne8 18. Bg4 Rd6 19. Qe3 Nf8 20. Bxc8 Rxc8 21. Rxd6
Nxd6 22. Bh6 Nc4 23. Qc1 Bxh6 24. Qxh6 Ne6 25. Qc1 Rd8 26. Nf3 Kg7 1/2-1/2

[Event "I Torneo Ipercoop Centro Luna A"]
[Site "Sarzana ITA"]
[Date "2011.05.28"]
[Round "3"]
[White "Ciccarelli, Marco"]
[Black "Guzzetti, Luigi Enrico"]
[Result "0-1"]
[WhiteElo "1893"]
[BlackElo "1909"]
[PlyCount "66"]
[EventDate "2011.05.27"]

1. e4 c5 2. Nf3 e6 3. d4 cxd4 4. Nxd4 a6 5. Bd3 Nf6 6. Nc3 Qc7 7. O-O Nc6 8.
Nb3 Be7 9. f4 d6 10. Be3 O-O 11. Qe2 Bd7 12. Rad1 Rac8 13. Rd2 Na5 14. Rfd1
Nxb3 15. cxb3 Bc6 16. Rc2 Qb8 17. Bb6 Nd7 18. Bf2 Nc5 19. Rcd2 Nxd3 20. Rxd3 b5
21. Nd5 Bd8 22. Nb4 a5 23. Nxc6 Rxc6 24. Qh5 Bb6 25. Bxb6 Qxb6+ 26. Kh1 Qf2 27.
Rh3 h6 28. Qg4 f5 29. Qg6 Qxf4 30. Qxe6+ Kh8 31. Qe7 Rfc8 32. Rf3 Rc1 33. Rff1
Qxf1+ 0-1

[Event "I Torneo Ipercoop Centro Luna A"]
[Site "Sarzana ITA"]
[Date "2011.05.29"]
[Round "4"]
[White "Efimov, Igor"]
[Black "De Santis, Alessio"]
[Result "0-1"]
[WhiteElo "2419"]
[BlackElo "2295"]
[PlyCount "44"]
[EventDate "2011.05.27"]

1. e4 d6 2. d4 Nf6 3. Nc3 e5 4. Nf3 exd4 5. Qxd4 Nc6 6. Bb5 Bd7 7. Bxc6 Bxc6 8.
Bg5 Be7 9. O-O-O O-O 10. Rhe1 Re8 11. e5 dxe5 12. Qc4 Nd7 13. h4 Bxf3 14. gxf3
Bxg5+ 15. hxg5 Qxg5+ 16. f4 Qf5 17. fxe5 Nxe5 18. Qxc7 Rac8 19. Qxb7 Qxf2 20.
Rf1 Qe3+ 21. Kb1 Rb8 22. Qd5 Qxc3 0-1

[Event "I Torneo Ipercoop Centro Luna A"]
[Site "Sarzana ITA"]
[Date "2011.05.29"]
[Round "4"]
[White "Stoppa, Omar"]
[Black "Lasio, Millo"]
[Result "1-0"]
[WhiteElo "2285"]
[BlackElo "2003"]
[PlyCount "123"]
[EventDate "2011.05.27"]

1. e4 e6 2. d4 d5 3. Nc3 Nf6 4. e5 Nfd7 5. Qh5 c5 6. Nf3 cxd4 7. Nb5 Nc6 8. Bg5
Qa5+ 9. Bd2 Qb6 10. a4 a5 11. Bd3 Nb4 12. Nfxd4 Nc5 13. Be2 Nc6 14. O-O Nxd4
15. Nxd4 Bd7 16. Bb5 g6 17. Qh4 Bg7 18. Rfe1 Bxb5 19. Nxb5 O-O 20. Bh6 Ne4 21.
Bxg7 Kxg7 22. Qf4 Rac8 23. c3 Qd8 24. Qe3 f5 25. Qa7 Rb8 26. Nd4 Re8 27. Nc6
Qc7 28. Nxb8 Rxb8 29. Qd4 Nc5 30. Qh4 Rf8 31. Rad1 Ne4 32. Qf4 g5 33. Qe3 h5
34. f3 f4 35. Qd4 Nc5 36. c4 Nb3 37. Qd3 Qb6+ 38. Kh1 d4 39. c5 Qb4 40. Qb5 Rd8
41. c6 bxc6 42. Qxc6 Kf7 43. Qc7+ Qe7 44. Qc2 Qb4 45. Qh7+ Ke8 46. Qxh5+ Kd7
47. Qxg5 Qf8 48. Re4 Kc7 49. Rxf4 Qe8 50. Qg4 Qd7 51. Qg6 Kb6 52. Qc2 Qxa4 53.
Rc1 Ka6 54. Rf6 Re8 55. Rxe6+ Rxe6 56. Qc8+ Kb5 57. Qd7+ Kb4 58. Rc4+ Kxc4 59.
Qxa4+ Kc5 60. Qxb3 Rxe5 61. Kg1 Re3 62. Qc2+ 1-0

[Event "I Torneo Ipercoop Centro Luna A"]
[Site "Sarzana ITA"]
[Date "2011.05.29"]
[Round "4"]
[White "Mazzini, Mauro"]
[Black "Tizzoni, Lionello"]
[Result "1-0"]
[WhiteElo "2138"]
[BlackElo "1955"]
[PlyCount "93"]
[EventDate "2011.05.27"]

1. e4 e6 2. d4 d5 3. Nc3 Bb4 4. e5 c5 5. Bd2 cxd4 6. Nb5 Be7 7. f4 Nc6 8. Nf3
Qb6 9. a4 a5 10. Bd3 Nh6 11. h3 Nf5 12. Bxf5 exf5 13. Qe2 O-O 14. O-O-O Be6 15.
g4 Rfc8 16. g5 d3 17. Qxd3 Nb4 18. Bxb4 axb4 19. b3 Rc5 20. Nfd4 Rac8 21. Rh2
g6 22. h4 Bf8 23. Kb1 Rc3 24. Nxc3 bxc3 25. Qb5 Qc7 26. h5 Qe7 27. Ne2 Qa3 28.
Nxc3 Rxc3 29. hxg6 hxg6 30. Rdh1 Bg7 31. Qe8+ Qf8 32. Rh8+ Bxh8 33. Rxh8+ Kxh8
34. Qxf8+ Kh7 35. Qb4 Rc7 36. Kb2 Rd7 37. c3 Rc7 38. Qb6 Rd7 39. Kc2 Kg7 40.
Kd3 Kf8 41. Kd4 Ke7 42. a5 Ke8 43. b4 Ke7 44. b5 Ke8 45. a6 bxa6 46. bxa6 Rd8
47. Qxd8+ 1-0

[Event "I Torneo Ipercoop Centro Luna A"]
[Site "Sarzana ITA"]
[Date "2011.05.29"]
[Round "4"]
[White "Platino, Maurizio"]
[Black "Caleffi, Cesare"]
[Result "0-1"]
[WhiteElo "1909"]
[BlackElo "1959"]
[PlyCount "88"]
[EventDate "2011.05.27"]

1. d4 d5 2. c4 c6 3. Nf3 Nf6 4. Nc3 a6 5. c5 Bf5 6. Bf4 e6 7. e3 Nbd7 8. h3 h6
9. Ne5 Nxe5 10. Bxe5 Be7 11. Bxf6 Bxf6 12. Bd3 Bxd3 13. Qxd3 O-O 14. O-O e5 15.
Ne2 exd4 16. exd4 Re8 17. Ng3 g6 18. Rfe1 Qa5 19. Re3 Qb4 20. Ne2 Bg5 21. a3
Qxb2 22. Rb1 Qa2 23. Re5 Rxe5 24. dxe5 Ra7 25. e6 Kg7 26. exf7 Kxf7 27. g3 Qd2
28. Qf3+ Bf6 29. Rb3 Qc2 30. Rc3 Qf5 31. Nf4 Bxc3 32. Qxc3 Ra8 33. Qb3 Rb8 34.
Qb6 Qd7 35. Qb1 Rg8 36. h4 g5 37. hxg5 hxg5 38. Qh7+ Rg7 39. Qh5+ Kg8 40. Nh3
Qe7 41. a4 g4 42. Nf4 Qe1+ 43. Kg2 Qe4+ 44. Kf1 d4 0-1

[Event "I Torneo Ipercoop Centro Luna A"]
[Site "Sarzana ITA"]
[Date "2011.05.29"]
[Round "4"]
[White "Guzzetti, Luigi Enrico"]
[Black "Mercandelli, Claudio"]
[Result "0-1"]
[WhiteElo "1909"]
[BlackElo "1908"]
[PlyCount "100"]
[EventDate "2011.05.27"]

1. e4 Nc6 2. d4 e5 3. d5 Nce7 4. Nf3 Ng6 5. Nc3 Bb4 6. Bd3 Nf6 7. Bd2 O-O 8.
O-O d6 9. a3 Bxc3 10. bxc3 Bg4 11. h3 Bd7 12. a4 a5 13. Qb1 b6 14. Bg5 h6 15.
Bxf6 Qxf6 16. Qd1 Nf4 17. Nh2 Qg6 18. g3 Nxh3+ 19. Kh1 Ng5 20. Qe2 Rae8 21. f3
f5 22. Rg1 fxe4 23. fxe4 Nh3 24. Rg2 Re7 25. Nf3 Bg4 26. Nh4 Qh5 27. Qd2 Ref7
28. Kh2 Rf2 29. Qe3 Rxg2+ 30. Kxg2 Qg5 31. Qxg5 Nxg5 32. Rg1 Nf3 33. Nxf3 Bxf3+
34. Kh3 Bh5 35. Kh4 Be8 36. Ra1 Rf2 37. Kg4 Bd7+ 38. Kh5 Kh7 39. Rh1 g6+ 40.
Kh4 Bxa4 41. g4 Rf4 42. Kg3 Bd7 43. Re1 Rxg4+ 44. Kf3 h5 45. c4 Kh6 46. Be2
Rf4+ 47. Ke3 Bg4 48. Bf1 h4 49. Bg2 h3 50. Rh1 Kg5 0-1